| 000 | 00421 a2200145 4500 | ||
|---|---|---|---|
| 999 |
_c28990 _d28990 |
||
| 003 | NUST | ||
| 005 | 20180118154132.0 | ||
| 008 | 180118b xxu||||| |||| 00| 0 eng d | ||
| 020 | _a0716725819 | ||
| 020 | _a9780716725817 | ||
| 082 | 0 | 4 | _a530 |
| 100 | 1 |
_aGell-Mann, Murray. _98884 |
|
| 245 | 1 | 4 |
_aThe quark and the jaguar : _badventures in the simple and the complex / _cMurray Gell-Mann. |
| 260 |
_a[S.l.] : _bW.H. Freeman & Company, _c1994. |
||
| 300 |
_a392 p. ; _c24 cm. |
||
| 942 |
_aSNS _cBK _k530 GEL _2ddc |
||